| 000 | 00588nam a2200217 a 4500 | ||
|---|---|---|---|
| 001 | 0656 | ||
| 005 | 20140414132038.0 | ||
| 008 | 040915s19uu xx 00 eng d | ||
| 020 | _a1-86388-977-9 | ||
| 050 |
_aTR _bW56 1986 |
||
| 100 | _aMahy. Margaret | ||
| 245 |
_aWhen the king rides / _cby Margaret Mahy ; illustrated by Betina Ogden. |
||
| 260 |
_aAustralia : _bScholastic Australia, _c1986. |
||
| 300 | _a16 p. : ill. ; cm. | ||
| 526 | _aJunior Prep | ||
| 650 |
_aKings _xfiction. |
||
| 650 | _aChildren stories. | ||
| 999 |
_c113769 _d113769 |
||